| 000 | 00000nam##2200000za#4500 |
| 001 | 9.637640 |
| 003 | CaOODSP |
| 005 | 20210624221310 |
| 007 | cr ||||||||||| |
| 008 | 150407|2010||||xxc|||||o f|0| 0 fre|d |
| 020 | |a978-1-100-94696-2 |
| 040 | |aCaOODSP|bfre |
| 043 | |an-cn--- |
| 086 | 1 |aCP32-89/4-2010F-PDF |
| 110 | 1 |aCanada.|bConseil privé. |
| 245 | 13|aLe vol 182 d'Air India, une tragédie canadienne. Volume un, Aperçu / |h[ressource électronique]|cPublié par la Commission d'enquête relative aux mesures d'investigation prises à la suite de l'attentat à la bombe commis contre le vol 182 d'Air India. |
| 260 | |aOttawa - Ontario : |bConseil privé |cc2010. |
| 300 | |a288p.|btableaux |
| 500 | |aLe n° de catalogue (CP32-89/2-2010F) et ISBN (978-0-660-97348-7) imprimés dans cette publication sont incorrects |
| 590 | |a10-24|b2010-06-18 |
| 775 | 08|tAir India Flight 182, a Canadian tragedy. Volume one, the overview / |w(CaOODSP)9.693462 |
| 776 | 0#|tLe vol 182 d'Air India, une tragédie canadienne. Volume un, Aperçu / |w(CaOODSP)9.684978 |
| 856 | 40|ahttp://publications.gc.ca|qPDF|s960 Ko|uhttps://publications.gc.ca/collections/collection_2010/bcp-pco/CP32-89-4-2010-fra.pdf |
| 856 | 40|ahttp://publications.gc.ca|qPDF|s109 Ko|uhttps://publications.gc.ca/collections/collection_2010/bcp-pco/CP32-89-4-2010-1-fra.pdf |